000 00974nam0a22002771 4500
001 rc\664830
005 20250621203222.0
035 _a(NLR Aleph) 005903792
090 _a6304611
_c6304611
100 _a20031121d1986 |||y0rusy50 ca
101 0 _arus
_ageo
102 _aRU
105 _aa |||||||||
200 1 _aКаталог работ художника Нино Табуашвили
_f[Вступ. ст. Натела Лолуа]
210 _aТбилиси
_cБ. и.
_d1986
215 _a[32] с.
_cил.
_d22
300 _aЗагл. обл.: Нино Табуашвили
300 _aПарал. загл. на груз. яз.
300 _aВ надзаг.: Союз художников ГССР, Дом художника ГССР
300 _aТекст на рус. и груз. яз.
512 0 _aНино Табуашвили
801 0 _aRU
_bNLR
_gpsbo
801 1 _aRU
_bELAR
_2rusmarc
852 _aNLR
_bЭ
_jКП/Т128
942 _cBOOK
980 _aNB